Oregon Ducks Football Quiz - Statistics

General Stats
  • This quiz has been taken 142 times
  • The average score is 6 of 15
Answer Stats
Hint Answer % Correct
Most Passing Touchdowns Marcus Mariota/105
93%
Total Touchdowns Marcus Mariota/134
93%
Passing leader Marcus Mariota/10,796
91%
Total Offensive Yards Marcus Mariota/13,033
91%
Most Rushing Touchdowns Royce Freeman/60
57%
5 stars on roster 5
55%
Rushing leader Royce Freeman/5,621
49%
Best Finish 2011 BCS National Championship/ 22-19 L 2015 National Championship/42-20 L
24%
Highest Rated Recruit Kayvon Thibodeaux
24%
Field Goals made Aiden Schneider/51
20%
Most Interceptions George Shaw/18
20%
Most sacks Nick Reed/29.5
4%
Most points scored in a game 77 points
3%
Most Tackles Tom Graham/433
2%
Nfl Players Marcus Mariota, Justin Herbert, Patrick Chung, Deforest Buckner, Arik Armstead, Haloti Ngata, Jonathan Stewart, Royce Freeman, Terrance Mitchell, Troy Hill, LaMichael James, Shane Lemieux, Kyle Long, Kiko Alonso, Jake Hanson, Troy Dye, Ugo Amadi, LaGarrete Blount, Max Unger
0%
No matching quizzes found
Score Distribution
Percent of People with Each Score
Percentile by Number Answered
Your Score History
You have not taken this quiz